|
|
|
|
| LEADER |
00000cam a2200000 7i4500 |
| 001 |
0000006935 |
| 002 |
000007469 |
| 005 |
20080131.0 |
| 020 |
|
|
|a 0534060064
|
| 090 |
0 |
0 |
|a 658.4034
|b DAV
|
| 100 |
1 |
|
|a Davis, K.Roscoe
|
| 245 |
1 |
0 |
|a Management science :
|b an introduction
|c K. Roscoe Davis,Patrick G.McKeown and Terry R.Rakes
|
| 260 |
|
|
|a Boston :
|b Kent Publishing Company ,
|c 1986
|
| 300 |
|
|
|a 819p. :
|b ill. ;
|c 23cm.
|
| 650 |
0 |
0 |
|a Industrial management
|x Mathematical models
|
| 650 |
0 |
0 |
|a Operations research
|
| 700 |
1 |
|
|a McKeown, Patrick R
|
| 700 |
1 |
|
|a Rakes, Terry R
|
| 999 |
|
|
|a 020359
|b BUKU
|c PINJAMAN
|e PERPUSTAKAAN KOMUNITI PETALING JAYA
|